Normal view MARC view

Entry Topical Term

Number of records used in: 1

001 - CONTROL NUMBER

  • control field: 35292

003 - CONTROL NUMBER IDENTIFIER

  • control field: dpl

005 - DATE AND TIME OF LATEST TRANSACTION

  • control field: 20111007115744.0

008 - FIXED-LENGTH DATA ELEMENTS

  • fixed length control field: 111007|||a|||||| | ||| d

040 ## - CATALOGING SOURCE

  • Original cataloging agency: dpl
  • Transcribing agency: dpl

150 ## - HEADING--TOPICAL TERM

  • Topical term or geographic name as entry element: Algebra

670 ## - SOURCE DATA FOUND

  • Source citation: Work cat.: (dpl)28298: Boyden, Wallace C. 35291, A first book in algebra /, 2008(repr.).

670 ## - SOURCE DATA FOUND

  • Source citation: Work cat.: (dpl)28298: Boyden, Wallace C. 35291, A first book in algebra /, 2008(repr.).

© Delhi Public Library
Hit Counter
free hit counter